000 00600nam a2200181Ia 4500
003 GCL
008 140319s9999 xx 000 0 ara d
040 _aGCL /
_cGCL
082 0 4 _a510
_bم م
100 1 _aمصطفى احمد الجندى
245 1 0 _aمبادئ الهندسة التحليلية /
_cمصطفى احمد الجندى
260 _aبيروت :
_bدار الراتب الجامعية ،
_c1993
490 _aمجموعة كتب الرياضيات
_v0
650 0 4 _aالهندسة
650 0 4 _aالهندسة الرياضية
650 0 4 _aالرياضيات
942 _2ddc
_cBK
999 _c36764
_d36764